Možnosti zmeny zmluvnej ceny vo verejnom obstarávaní pre mimoriadne okolnosti

Príspevok sa zaoberá postupom a podmienkami v súvislosti so zmenou zmluvnej ceny v rámci verejného obstarávania v prípade vzniku mimoriadnych okolností, pričom táto problematika je v súčasnosti aktuálna aj pre obce a mestá ako verejných obstarávateľov najmä v súvislosti s navýšením cien stavebných m...

Descrizione completa

Salvato in:
Dettagli Bibliografici
Autore principale: Siminská, Eva
Natura: Capitolo di libro
Lingua:slovacco
Soggetti:
Tags: Aggiungi Tag
Nessun Tag, puoi essere il primo ad aggiungerne!!

MARC

LEADER 00000naa a2200000 4500
001 0290969
005 20240417075225.6
041 0 |a slo 
044 |a SK 
245 1 0 |a Možnosti zmeny zmluvnej ceny vo verejnom obstarávaní pre mimoriadne okolnosti  |c Eva Siminská 
520 |a Príspevok sa zaoberá postupom a podmienkami v súvislosti so zmenou zmluvnej ceny v rámci verejného obstarávania v prípade vzniku mimoriadnych okolností, pričom táto problematika je v súčasnosti aktuálna aj pre obce a mestá ako verejných obstarávateľov najmä v súvislosti s navýšením cien stavebných materiálov. 
610 2 0 |a obstarávanie verejné 
610 2 0 |a ceny zmluvné 
610 2 0 |a materiál 
610 2 0 |a stavby 
610 2 0 |a obce 
610 2 0 |a mestá 
100 1 |a Siminská, Eva